Darts Checkouts! - Statistics

General Stats
  • This quiz has been taken 2,850 times
  • The average score is 11 of 11
Answer Stats
Hint Answer % Correct
T20 T20 Bull 170
100%
1 D1 3
98%
B B D16 132
97%
D10 20
97%
9 D8 25
97%
25 T20 B 135
96%
25 17 D20 82
95%
T20 T11 D14 121
94%
T17 T17 D17 136
94%
T20 T18 D20 154
94%
T20 19 D16 111
93%
No matching quizzes found
Score Distribution
Percent of People with Each Score
Percentile by Number Answered
Your Score History
You have not taken this quiz